000 00516nam a2200217 454500
001 081433
003 BD-ChCU
008 Eng
020 _a9840802674
040 _aDLC
_cDLC
_dBD-ChCU
082 0 0 _a305.569/K11f
100 1 _aKabir, Ikhtiar, Jahan
_bx
245 1 0 _aFinancial services for the poorest :
_btowards comprehensiveness
250 _ax
260 _aDhaka
_bAcademic Press
_c2011
300 _aXXXIV, 226
504 _a
650 0 _aPoor man
_bPoverty
700 1 _ax
942 _2ddc
_cBK
999 _c81433
_d81433